| 000 -CABECERA |
| fixed length control field |
01637nam a22002657a 4500 |
| 003 - IDENTIFICADOR DEL NÚMERO DE CONTROL |
| control field |
AR-CdUCM |
| 008 - DATOS DE LONGITUD FIJA--INFORMACIÓN GENERAL |
| fixed length control field |
190425b ||||| |||| 00| 0 spa d |
| 040 ## - FUENTE DE LA CATALOGACIÓN |
| Agencia/entidad que catalogó originalmente la obra |
MUNICIPALIDAD PROVINCIAL DEL CUSCO |
| Entidad que transcribió la catalogación |
BIBLIOTECA MUNICIPAL DEL CUSCO |
| 082 ## - NÚMERO DE LA CLASIFICACIÓN DECIMAL DEWEY |
| No. de Clasificación |
ArchiPeruFol/N°1/1955 |
| 245 ## - MENCIÓN DE TÍTULO |
| Título |
Archivos peruanos del Folklore : |
| Mención de responsabilidad |
Órgano de la sociedad peruana de folklore |
| 260 ## - PUBLICACIÓN, DISTRIBUCIÓN, ETC. |
| Lugar de publicación, distribución, etc. |
Cusco. |
| Nombre de la editorial, distribuidor, etc. |
H.G. Rozas, |
| Fecha de publicación, distribución, etc. |
1955. |
| 300 ## - DESCRIPCIÓN FÍSICA |
| Nº de Páginas Extensión |
2291 páginas. : |
| Dimensiones |
24 cm. |
| 440 ## - MENCIÓN DE SERIE/PUNTO DE ACCESO ADICIONAL--TÍTULO |
| Título |
Archivos peruanos de folklore |
| Número de la parte/sección de una obra |
Órgano de la sociedad peruana de folklore |
| 9 (RLIN) |
47151 |
| 505 ## - NOTA DE CONTENIDO CON FORMATO |
| Nota de contenido formateada |
Contenido: El III Congreso Indigenista Interamericano de la paz, breve comentario sobre una ponencia peruana de la Universidad del Cusco. -- El Congreso Internacional de folklore, de San Pablo, Brasil, invitación y agradecimiento, temario, asistencia, VII conferencia internacional de música folklorica, mesa directiva, ponencias y trabajos de la Universidad del Cuzco, sesión inaugural, comisiones, plenarias, conclusiones, pedido a la UNESCO, homenajes, exposición interamericana de folklore, demostraciones de música folklorica, festival folklore, entrega de diplomas de la sociedad peruana de folklore, entrega del pergamino de la Municipalidad del Cuzco a la Prefectura Municipal de San Pablo. |
| 650 ## - PUNTO DE ACCESO ADICIONAL DE MATERIA--TÉRMINO DE MATERIA |
| Descriptor |
Congreso indigenista |
| 9 (RLIN) |
47152 |
| 650 ## - PUNTO DE ACCESO ADICIONAL DE MATERIA--TÉRMINO DE MATERIA |
| Descriptor |
Folklore Brasil |
| 9 (RLIN) |
47153 |
| 650 ## - PUNTO DE ACCESO ADICIONAL DE MATERIA--TÉRMINO DE MATERIA |
| Descriptor |
Música |
| 9 (RLIN) |
1443 |
| 700 ## - PUNTO DE ACCESO ADICIONAL--NOMBRE DE PERSONA |
| Nombre Personal |
Caballero, Angeles |
| 9 (RLIN) |
47154 |
| 700 ## - PUNTO DE ACCESO ADICIONAL--NOMBRE DE PERSONA |
| Nombre Personal |
Quijada Jara, Sergio |
| 9 (RLIN) |
17558 |
| 700 ## - PUNTO DE ACCESO ADICIONAL--NOMBRE DE PERSONA |
| Nombre Personal |
Rivera Cereceda, Julia Herminia |
| 9 (RLIN) |
47155 |
| 700 ## - PUNTO DE ACCESO ADICIONAL--NOMBRE DE PERSONA |
| Nombre Personal |
Roca Wallparimachi, Demetrio |
| 9 (RLIN) |
6182 |
| 700 ## - PUNTO DE ACCESO ADICIONAL--NOMBRE DE PERSONA |
| Nombre Personal |
Morote Best, Efrain |
| 9 (RLIN) |
47156 |
| 942 ## - ELEMENTOS DE PUNTO DE ACCESO ADICIONAL (KOHA) |
| Fuente de clasificación |
|
| Tipo de item |
Revistas cusqueñas |
| 945 ## - PROCESAMIENTO DE INFORMACIÓN LOCAL (OCLC) |
| Catalogador |
rac |